हिन्दी के सूफ़ी प्रेमाख्यान (Record no. 117905)

MARC details
000 -LEADER
fixed length control field 00838nam a2200241Ia 4500
003 - CONTROL NUMBER IDENTIFIER
control field OSt
005 - DATE AND TIME OF LATEST TRANSACTION
control field 20220918112023.0
008 - FIXED-LENGTH DATA ELEMENTS--GENERAL INFORMATION
fixed length control field 220915b |||||||| |||| 00| 0 hin d
037 ## - SOURCE OF ACQUISITION
Terms of availability Textbook
040 ## - CATALOGING SOURCE
Language of cataloging hin
Original cataloging agency ARTS
Transcribing agency ARTS
041 ## - LANGUAGE CODE
Language code of text/sound track or separate title hin
100 ## - MAIN ENTRY--PERSONAL NAME
Personal name चतुर्वेदी, परशुराम
245 #0 - TITLE STATEMENT
Title हिन्दी के सूफ़ी प्रेमाख्यान
246 ## - VARYING FORM OF TITLE
Title proper/short title Hindī ke sūफ़ī premākhyāna
260 ## - PUBLICATION, DISTRIBUTION, ETC.
Place of publication, distribution, etc. बम्बई
Name of publisher, distributor, etc. हिन्दी ग्रन्थ रत्नाकर ु
Date of publication, distribution, etc. 1962
650 ## - SUBJECT ADDED ENTRY--TOPICAL TERM
Topical term or geographic name entry element हिन्दी साहित्य
942 ## - ADDED ENTRY ELEMENTS (KOHA)
Classification part O152,3x, K2
Koha item type Textbook
Source of classification or shelving scheme Colon Classification (CC)

No items available.

Copyright @ Delhi University Library System